Writing disaster recovery plans for telecommunications networks and LAN / (Record no. 175960)
[ view plain ]
| 000 -LEADER | |
|---|---|
| fixed length control field | 01204 a2200253 4500 |
| 003 - CONTROL NUMBER IDENTIFIER | |
| control field | Nust |
| 005 - DATE AND TIME OF LATEST TRANSACTION | |
| control field | 20220728164418.0 |
| 010 ## - LIBRARY OF CONGRESS CONTROL NUMBER | |
| LC control number | 93007163 |
| 020 ## - INTERNATIONAL STANDARD BOOK NUMBER | |
| International Standard Book Number | 0890066949 |
| 040 ## - CATALOGING SOURCE | |
| Transcribing agency | Nust |
| 082 00 - DEWEY DECIMAL CLASSIFICATION NUMBER | |
| Classification number | 384,WRO |
| 100 1# - MAIN ENTRY--PERSONAL NAME | |
| Personal name | Wrobel, Leo A. |
| 9 (RLIN) | 95688 |
| 245 10 - TITLE STATEMENT | |
| Title | Writing disaster recovery plans for telecommunications networks and LAN / |
| Statement of responsibility, etc. | Leo A. Wrobel. |
| 260 ## - PUBLICATION, DISTRIBUTION, ETC. | |
| Place of publication, distribution, etc. | Boston : |
| Name of publisher, distributor, etc. | Artech House, |
| Date of publication, distribution, etc. | c1993. |
| 300 ## - PHYSICAL DESCRIPTION | |
| Extent | xiii, 138 p. : |
| Other physical details | ill. ; |
| Dimensions | 24 cm. |
| 440 #0 - SERIES STATEMENT/ADDED ENTRY--TITLE | |
| Title | Artech House telecommunications library |
| 9 (RLIN) | 94181 |
| 505 ## - FORMATTED CONTENTS NOTE | |
| Formatted contents note | Objective of the plan (Page-1), Options for Developing the plan (Page-11), Phase.1Gain Management Commitment (Page-25) ,Phase ii, Educate Staff and Define Standard (Page-39), Laying the Groundwork for the Planning (Page-47), Phase III Documenting the plan (Page-57), Fax Machines, Cellular Telephones (Page-107), Developing Operating and Security (Page-119). |
| 650 #0 - SUBJECT ADDED ENTRY--TOPICAL TERM | |
| Topical term or geographic name entry element | Disasters. |
| 9 (RLIN) | 31303 |
| 650 #0 - SUBJECT ADDED ENTRY--TOPICAL TERM | |
| Topical term or geographic name entry element | Emergency management |
| General subdivision | Planning. |
| 9 (RLIN) | 95689 |
| 650 #0 - SUBJECT ADDED ENTRY--TOPICAL TERM | |
| Topical term or geographic name entry element | Emergency management. |
| 650 #0 - SUBJECT ADDED ENTRY--TOPICAL TERM | |
| Topical term or geographic name entry element | Local area networks (Computer networks) |
| General subdivision | Security measures |
| -- | Planning. |
| 9 (RLIN) | 95690 |
| 650 #0 - SUBJECT ADDED ENTRY--TOPICAL TERM | |
| Topical term or geographic name entry element | Telecommunication systems |
| General subdivision | Security measures |
| -- | Planning. |
| 9 (RLIN) | 95691 |
| 942 ## - ADDED ENTRY ELEMENTS (KOHA) | |
| Koha item type | Reference |
| Source of classification or shelving scheme | |
| Withdrawn status | Lost status | Source of classification or shelving scheme | Damaged status | Not for loan | Permanent Location | Current Location | Shelving location | Date acquired | Full call number | Barcode | Date last seen | Price effective from | Koha item type | Public note |
|---|---|---|---|---|---|---|---|---|---|---|---|---|---|---|
| Military College of Signals (MCS) | Military College of Signals (MCS) | Reference | 12/12/2016 | 384,WRO | MCS22720 | 12/08/2016 | 12/12/2016 | Reference | Almirah No.18, Shelf No.5 |
